| 000 | 00529nam a2200169Ia 4500 | ||
|---|---|---|---|
| 003 | GCL | ||
| 008 | 140319s9999 xx 000 0 ara d | ||
| 040 |
_aGCL / _cGCL |
||
| 082 | 0 | 4 |
_a657.3 _bم ت |
| 100 | 1 | _aمحمد ابراهيم عبدالسلام تركى | |
| 245 | 1 | 0 |
_aتحليل التقارير المالية / _cمحمد ابراهيم عبدالسلام تركى |
| 300 | _a567 ص | ||
| 490 | _a | ||
| 650 | 0 | 4 | _aاتخاذ القرارات |
| 650 | 0 | 4 | _aالتجارة - تنظيم وادارة |
| 942 |
_2ddc _cBK |
||
| 999 |
_c41865 _d41865 |
||